| 000 | 00753cam a2200157 4500500 | ||
|---|---|---|---|
| 005 | 20260111090632.0 | ||
| 041 | _afre | ||
| 042 | _adc | ||
| 100 | 1 | 0 |
_aVallin, Pierre _eauthor |
| 245 | 0 | 0 | _aLes Carnets du cardinal Baudrillart |
| 260 | _c2003. | ||
| 500 | _a7 | ||
| 520 | _aRésuméPrendre en charge le « Dieu Sauvage », c’est ce que firent, avec des moyens différents, Gauguin et Van Gogh, Rimbaud et Claudel, Segalen et Saint-John Perse. Ces enfants hallucinés furent confrontés à la grande crise des rhétoriques occidentales et de la raison des terriens... | ||
| 786 | 0 | _nÉtudes | 399 | 10 | 2003-10-01 | p. 408b-412b | 0014-1941 | |
| 856 | 4 | 1 | _uhttps://shs.cairn.info/revue-etudes-2003-10-page-408b?lang=fr&redirect-ssocas=7080 |
| 999 |
_c1619279 _d1619279 |
||